[Event "World Rapid 2025"]
[Site "Doha QAT"]
[Date "2025.12.27"]
[Round "9.38"]
[White "Ponomariov, Ruslan"]
[Black "Daneshvar, Bardiya"]
[Result "1-0"]
[WhiteTitle "GM"]
[BlackTitle "GM"]
[WhiteElo "2639"]
[BlackElo "2600"]
[WhiteFideId "14103320"]
[BlackFideId "12576468"]
[EventDate "2025.12.26"]

1. Nf3 Nf6 2. c4 b6 3. g3 c5 4. Bg2 Bb7 5. O-O g6 6. b3 Bg7 7. Bb2 O-O 8. Nc3 d6
9. d4 cxd4 10. Qxd4 Nbd7 11. Rfd1 Rc8 12. Rac1 a6 13. Ne1 Bxg2 14. Nxg2 Nc5 15.
Nd5 Rb8 16. Nge3 h5 17. Rc2 Qd7 18. Qh4 Nxd5 19. Nxd5 Rb7 20. Bxg7 Kxg7 21. Qd4+
f6 22. Rc3 Qg4 23. Qe3 Rf7 24. b4 Na4 25. Rcc1 e5 26. Qb3 b5 27. c5 dxc5 28.
bxc5 Qxe2 29. c6 Rb8 30. c7 Rc8 31. Qb4 Rd7 32. Nc3 Rxd1+ 33. Rxd1 Nxc3 34. Rd7+
Kh6 35. Qxc3 Qc4 36. Qd2+ g5 37. Qd6 Kg6 38. h3 Kf5 39. Qe7 Qc1+ 40. Kg2 Qc6+
41. Kh2 Ke4 42. Qd8 Qc2 43. Qxf6 Rxc7 44. Qg6+ Kf3 1-0

[Event "World Rapid 2025"]
[Site "Doha QAT"]
[Date "2025.12.27"]
[Round "9.39"]
[White "Martirosyan, Haik M."]
[Black "Oro, Faustino"]
[Result "1/2-1/2"]
[WhiteTitle "GM"]
[BlackTitle "IM"]
[WhiteElo "2625"]
[BlackElo "2503"]
[WhiteFideId "13306553"]
[BlackFideId "20000197"]
[EventDate "2025.12.26"]

1. d4 Nf6 2. c4 e6 3. Nf3 d5 4. Nc3 c6 5. Bg5 h6 6. Bxf6 Qxf6 7. e3 Nd7 8. Be2
g6 9. O-O Qe7 10. a4 Bg7 11. a5 O-O 12. Qb3 Rb8 13. Rfd1 Rd8 14. h3 Nf6 15. a6
b6 16. Ne5 Bd7 17. cxd5 exd5 18. Nxd7 Qxd7 19. Rac1 Bf8 20. Rc2 b5 21. Bf3 Re8
22. Ne2 Rb6 23. Ra1 Bd6 24. Nc1 Qc8 25. Qc3 Ne4 26. Bxe4 Rxe4 27. Nd3 b4 28. Qd2
Rxa6 29. Rac1 Qb7 30. Qe2 Kg7 31. Ne1 Re6 32. Nf3 Ra2 33. g3 Ra6 34. h4 Rb6 35.
Ra1 Rb5 36. b3 a5 37. Rca2 Qb6 38. Kg2 Be7 39. h5 g5 40. Qd3 Bd6 41. Rc2 Qb7 42.
Rca2 Qc7 43. Rc1 Qb7 44. Rac2 Rb6 45. Ra1 Rb5 46. Rca2 Qc7 47. Rc1 Qb7 48. Qc2
Bc7 49. Ne1 Qc8 50. Qf5 Qe8 51. Nd3 Rf6 52. Qg4 Bd6 53. Rca1 Qd8 54. Rc1 Qe8 55.
Rac2 Rb6 56. Nb2 Re6 57. Qe2 Bf8 58. Na4 Rb8 59. Qd3 Rf6 60. Nc5 Bxc5 61. Rxc5
Qd7 62. Rxa5 Qg4 63. Qd1 Qe4+ 64. Kg1 g4 65. Ra7 Rf5 66. Qf1 Rxh5 67. Qg2 Qd3
68. Qf1 Qe4 69. Qg2 Qd3 70. Qf1 Qxb3 71. Qe2 Rg5 72. Raa1 Rg6 73. Qa6 Qb2 74.
Qf1 Qd2 75. Rab1 b3 76. Qd1 Qxd1+ 77. Rxd1 Re6 78. Rd3 h5 79. Kg2 Kg6 80. Rdxb3
Rxb3 81. Rxb3 Kf5 82. Rb8 Rh6 83. Rb7 Rf6 84. Re7 Kg6 85. Rc7 Re6 86. Rc8 Kg5
87. Rg8+ Rg6 88. Rf8 Rf6 89. Rg8+ Rg6 90. Rf8 Rf6 1/2-1/2

[Event "World Rapid 2025"]
[Site "Doha QAT"]
[Date "2025.12.27"]
[Round "9.40"]
[White "Harikrishna, Pentala"]
[Black "Vetokhin, Savva"]
[Result "1-0"]
[WhiteTitle "GM"]
[BlackTitle "GM"]
[WhiteElo "2693"]
[BlackElo "2572"]
[WhiteFideId "5007003"]
[BlackFideId "44144474"]
[EventDate "2025.12.26"]

1. d4 Nf6 2. Nf3 d5 3. c4 e6 4. Nc3 Bb4 5. Bg5 h6 6. Bxf6 Qxf6 7. e3 O-O 8. Qb3
c5 9. cxd5 exd5 10. dxc5 Bxc3+ 11. Qxc3 Qxc3+ 12. bxc3 Be6 13. Bb5 Rc8 14. Nd4
Rxc5 15. Kd2 Rc7 16. Rhb1 Nc6 17. Nxc6 bxc6 18. Bd3 Kf8 19. a4 a5 20. Rb6 Ke7
21. Rc1 Kd6 22. h4 Kc5 23. Rcb1 Kd6 24. R1b5 Kd7 25. Rb2 Kd6 26. Rb7 Ra7 27. Rb8
Rc8 28. f4 Kc7 29. R8b6 Kd6 30. Rb1 f6 31. Rb7 Rxb7 32. Rxb7 Rc7 33. Rb6 Ra7 34.
Rb8 Kc7 35. Re8 Kd7 36. Rf8 Ke7 37. Rb8 Kd6 38. Bg6 Bf7 39. Bxf7 Rxf7 40. h5 Kc5
41. Kd3 Re7 42. g4 Rc7 43. Ra8 Kb6 44. Re8 Kc5 45. Ra8 Kb6 46. c4 dxc4+ 47. Kxc4
Re7 48. Kd3 Rd7+ 49. Ke4 Re7+ 50. Kf3 Rd7 51. Rb8+ Kc5 52. Ke4 Kc4 53. Kf5 c5
54. e4 Kd4 55. Ke6 Ra7 56. e5 fxe5 57. fxe5 c4 58. Rd8+ Ke4 59. Rc8 Kd4 60. Rc6
Ra8 61. Kd6 Rd8+ 62. Ke7 Rd5 63. e6 Rg5 64. Kf7 Kd5 1-0

[Event "World Rapid 2025"]
[Site "Doha QAT"]
[Date "2025.12.27"]
[Round "9.41"]
[White "Alekseenko, Kirill"]
[Black "Agmanov, Zhandos"]
[Result "1-0"]
[WhiteTitle "GM"]
[BlackTitle "IM"]
[WhiteElo "2659"]
[BlackElo "2471"]
[WhiteFideId "4135539"]
[BlackFideId "13708309"]
[EventDate "2025.12.26"]

1. e4 e6 2. d4 d5 3. e5 c5 4. c3 Nc6 5. Nf3 Nge7 6. Bd3 cxd4 7. cxd4 Nf5 8. Bxf5
exf5 9. Nc3 Be6 10. Ne2 Be7 11. h4 h6 12. Bd2 Rc8 13. Nf4 Qb6 14. Bc3 Qa6 15.
Rh3 b5 16. Qd3 Qb6 17. Kf1 b4 18. Bd2 g6 19. Kg1 Kd7 20. Rg3 a6 21. Rc1 Qb5 22.
Qe3 Qa4 23. Nxe6 Kxe6 24. Ne1 Na5 25. Rxc8 Rxc8 26. Qxh6 Qd1 27. b3 Rc2 28.
Rxg6+ Kd7 29. Rxa6 Nc6 30. Rxc6 Rxc6 31. Qf4 Qg4 32. Qxg4 fxg4 33. h5 Bf8 34.
Kh2 Ra6 35. Nd3 Rxa2 36. Be3 Ke6 37. Nf4+ Kf5 38. Nxd5 Ra3 39. h6 Rxb3 40. Ne7+
Ke6 41. h7 Bg7 42. Bg5 Ra3 43. Bf6 Ra8 44. d5+ Kd7 45. Bxg7 Kxe7 46. Bf6+ 1-0

[Event "World Rapid 2025"]
[Site "Doha QAT"]
[Date "2025.12.27"]
[Round "9.42"]
[White "Motylev, Alexander"]
[Black "Christiansen, Johan-Sebastian"]
[Result "1/2-1/2"]
[WhiteTitle "GM"]
[BlackTitle "GM"]
[WhiteElo "2573"]
[BlackElo "2655"]
[WhiteFideId "4121830"]
[BlackFideId "1512668"]
[EventDate "2025.12.26"]

1. d4 Nf6 2. g3 c5 3. d5 b5 4. a4 b4 5. c4 d6 6. Bg2 g6 7. b3 Bg7 8. Ra2 O-O 9.
Nh3 a5 10. O-O Ra7 11. Nd2 e6 12. e4 exd5 13. exd5 Re8 14. f3 Rae7 15. Nf2 Nbd7
16. f4 1/2-1/2

[Event "World Rapid 2025"]
[Site "Doha QAT"]
[Date "2025.12.27"]
[Round "9.43"]
[White "Donchenko, Alexander"]
[Black "Gan-Erdene, Sugar"]
[Result "0-1"]
[WhiteTitle "GM"]
[BlackTitle "IM"]
[WhiteElo "2661"]
[BlackElo "2444"]
[WhiteFideId "24603295"]
[BlackFideId "4902980"]
[EventDate "2025.12.26"]

1. c4 c5 2. Nf3 Nc6 3. Nc3 g6 4. e3 Nf6 5. d4 cxd4 6. exd4 d5 7. cxd5 Nxd5 8.
Qb3 Nxc3 9. Bc4 e6 10. bxc3 Bg7 11. Ba3 Bf8 12. Bxf8 Kxf8 13. h4 h6 14. O-O Kg7
15. Be2 b6 16. Rad1 Bb7 17. c4 Qf6 18. Rd2 Rhd8 19. Rfd1 Rac8 20. Qe3 Ne7 21.
Qa3 Bxf3 22. Bxf3 Rxc4 23. Qxa7 Nf5 24. Qxb6 Nxd4 25. Bg4 h5 26. Bh3 Qxh4 27.
Qb1 Nf3+ 28. gxf3 Rxd2 29. Rxd2 Qg5+ 30. Bg2 Qxd2 0-1

[Event "World Rapid 2025"]
[Site "Doha QAT"]
[Date "2025.12.27"]
[Round "9.44"]
[White "Theodorou, Nikolas"]
[Black "Begmuratov, Khumoyun"]
[Result "1-0"]
[WhiteTitle "GM"]
[BlackTitle "IM"]
[WhiteElo "2652"]
[BlackElo "2451"]
[WhiteFideId "4262875"]
[BlackFideId "14210207"]
[EventDate "2025.12.26"]

1. d4 Nf6 2. Nf3 e6 3. c4 d5 4. g3 Bb4+ 5. Bd2 Be7 6. Bg2 c6 7. Qc2 Nbd7 8. O-O
O-O 9. Bf4 a5 10. Rd1 Nh5 11. Be5 f6 12. Bf4 g5 13. Bd2 f5 14. Nc3 h6 15. Rac1
Qe8 16. Ne5 Bd6 17. f4 g4 18. c5 Bc7 19. Na4 Nhf6 20. Be1 h5 21. e3 Ne4 22. Rd3
h4 23. gxh4 Nxe5 24. fxe5 Bd8 25. Nc3 Qh5 26. Ne2 Rf7 27. Nf4 Qh6 28. Bg3 Bxh4
29. Bxh4 Qxh4 30. Bxe4 dxe4 31. Rd2 Rg7 32. Rg2 Kf7 33. Qf2 Qh6 34. Kf1 Bd7 35.
Ke2 Rag8 36. Rcg1 Rg5 37. Kd2 Ke7 38. Kc2 a4 39. Qd2 Qf8 40. Qb4 Qa8 41. Qb6 a3
42. b3 Qb8 43. Qa5 Qa8 44. Qc7 Qa6 45. Rd2 Ke8 46. Qb8+ Kf7 47. Qd6 Ke8 48. Rdg2
R5g6 49. Rd2 Rh6 50. Qb8+ Kf7 51. Qc7 Ke8 52. h3 g3 53. Rdg2 Rxh3 54. Kc3 Rg4
55. Nxh3 Qd3+ 56. Kb4 Qxe3 57. Qb8+ Ke7 58. Qd6+ Ke8 59. Kxa3 f4 60. Qb8+ Ke7
61. Qh8 Qxd4 62. Qf6+ Ke8 63. Nxf4 Qxc5+ 64. Kb2 Qd4+ 65. Kb1 e3 66. Qh8+ Ke7
67. Qf6+ Ke8 68. Qh8+ Ke7 69. Ng6+ Rxg6 70. Qh7+ Kd8 71. Qxg6 e2 72. Qc2 1-0

[Event "World Rapid 2025"]
[Site "Doha QAT"]
[Date "2025.12.27"]
[Round "9.45"]
[White "Pichot, Alan"]
[Black "Haug, Havard"]
[Result "1-0"]
[WhiteTitle "GM"]
[BlackTitle "FM"]
[WhiteElo "2597"]
[BlackElo "2416"]
[WhiteFideId "110973"]
[BlackFideId "1547887"]
[EventDate "2025.12.26"]

1. e4 c6 2. d4 d5 3. e5 c5 4. c3 Nc6 5. Bb5 cxd4 6. cxd4 Bf5 7. Bxc6+ bxc6 8.
Ne2 e6 9. Nbc3 Bb4 10. O-O Ne7 11. a3 Ba5 12. b4 Bb6 13. Na4 O-O 14. Bg5 Qd7 15.
Rc1 Rac8 16. Nc5 Qe8 17. Nb7 Rc7 18. Nd6 Qd7 19. Nc3 Bg6 20. Na4 h6 21. Bxe7
Qxe7 22. Qg4 Kh7 23. Rc3 f5 24. Qf4 Be8 25. Rfc1 g5 26. Qd2 f4 27. Nxb6 axb6 28.
b5 g4 29. bxc6 f3 30. Rb1 fxg2 31. Rxb6 Rf3 32. Rb7 Bg6 33. Rxf3 gxf3 34. Qa5
Rxb7 35. cxb7 Qg5 36. Qc7+ 1-0

[Event "World Rapid 2025"]
[Site "Doha QAT"]
[Date "2025.12.27"]
[Round "9.46"]
[White "Bjerre, Jonas Buhl"]
[Black "Ibrahimli, Murad"]
[Result "1/2-1/2"]
[WhiteTitle "GM"]
[BlackTitle "IM"]
[WhiteElo "2623"]
[BlackElo "2438"]
[WhiteFideId "1444948"]
[BlackFideId "13410229"]
[EventDate "2025.12.26"]

1. e4 e5 2. Nf3 Nc6 3. Bb5 a6 4. Ba4 Nf6 5. d3 b5 6. Bb3 Be7 7. Nc3 d6 8. a3 O-O
9. O-O Na5 10. Ba2 Be6 11. b4 Bxa2 12. Rxa2 Nc6 13. Bg5 Ng4 14. Bd2 Nf6 15. Re1
Qd7 16. h3 a5 17. bxa5 Rxa5 18. Qb1 Rb8 19. Nd5 Raa8 20. Qb3 h6 21. Rb1 Na5 22.
Bxa5 Rxa5 23. Qb4 Rba8 24. Nxe5 Nxd5 25. Qxa5 Rxa5 26. Nxd7 Nc3 27. Raa1 Nxb1
28. Rxb1 g6 29. Rb3 d5 30. exd5 Bxa3 31. g3 Bd6 32. Nf6+ Kf8 33. c3 h5 34. Ne4
Ke7 35. Kg2 f5 36. Ng5 b4 37. cxb4 Rxd5 38. b5 Bc5 39. h4 Bb6 40. Nh3 Rc5 41.
Rb2 Rc3 42. Nf4 Kf7 43. Kf3 Rc5 44. Ke2 Re5+ 45. Kf1 Rc5 46. Kg2 Rc3 47. Re2 Rb3
48. Re5 Rb2 49. Nh3 Rd2 50. Rd5 Ke6 51. Rd8 Ke7 52. Rh8 Rxd3 53. Rh7+ Ke8 54.
Rg7 Rd6 55. Nf4 Rd2 56. Rxg6 Rxf2+ 57. Kh3 Rb2 58. Re6+ Kd7 59. Re5 Bg1 60. Re2
Rxb5 61. Nxh5 Kd6 62. Nf4 Bd4 63. h5 Rb1 64. Kg2 c5 65. h6 Rb8 66. Re6+ Kd7 67.
Ra6 Ke7 68. Ra7+ Kf6 69. Rd7 Rh8 70. h7 Be5 71. Kf3 c4 72. Ra7 Bxf4 73. Kxf4 Kg6
74. Rc7 Rxh7 75. Rc6+ Kh5 76. Rxc4 Rf7 77. Rc6 Rf8 78. Rc5 Kg6 79. Rc6+ Rf6 80.
Rxf6+ Kxf6 81. g4 1/2-1/2

[Event "World Rapid 2025"]
[Site "Doha QAT"]
[Date "2025.12.27"]
[Round "9.47"]
[White "Hovhannisyan, Robert"]
[Black "Paravyan, David"]
[Result "1/2-1/2"]
[WhiteTitle "GM"]
[BlackTitle "GM"]
[WhiteElo "2621"]
[BlackElo "2582"]
[WhiteFideId "13302507"]
[BlackFideId "4194985"]
[EventDate "2025.12.26"]

1. e4 e5 2. Nf3 Nf6 3. Nxe5 d6 4. Nf3 Nxe4 5. Qe2 Qe7 6. Nc3 Nxc3 7. dxc3 Qxe2+
8. Bxe2 Nc6 9. Be3 Bf5 10. O-O-O Be7 11. h4 a6 12. Nd4 Bd7 13. h5 Nxd4 14. Bxd4
Bg5+ 15. Kb1 O-O 16. Bf3 Bc6 17. Bxc6 bxc6 18. c4 Rfe8 19. Rhe1 Bd2 20. Rxe8+
Rxe8 21. c5 f6 22. c4 Bb4 23. cxd6 Bxd6 24. c5 Bf8 25. Kc2 Rd8 26. Be3 Rxd1 27.
Kxd1 Kf7 28. Kc2 Ke6 29. Kb3 Kd7 30. Kb4 Kc8 31. g4 g6 32. hxg6 hxg6 33. Kc4 Kd7
34. f4 Be7 35. Bd4 Bd8 36. f5 g5 37. Bc3 Kc8 38. Bd2 Kb7 39. Be1 Kc8 40. a4 Kb7
41. Bf2 Kc8 42. Kb4 Kb7 43. Bd4 Be7 44. Kc4 Bd8 45. Bc3 Be7 46. Be1 Bd8 47. Ba5
Be7 48. Bc3 Bd8 49. b4 Be7 50. Bb2 Bd8 51. Bd4 Be7 52. b5 axb5+ 53. axb5 Bd8 54.
Bc3 Be7 55. Bb2 Bd8 56. Bd4 Be7 57. b6 Bd8 58. Kb4 Be7 59. Kc4 Ka6 60. bxc7 Kb7
61. Bc3 Kxc7 62. Ba5+ Kb7 63. Kb4 Ka7 64. Bc7 Kb7 65. Bb6 Ka6 66. Ka4 Bd6 67.
Bd8 Be5 68. Be7 Ba1 69. Kb4 Bb2 70. Bd6 Ba1 71. Bg3 Bb2 72. Bc7 Ba1 73. Bb8 Bb2
74. Bh2 Ba1 75. Bg3 Bb2 76. Be1 Be5 77. Bd2 Ba1 78. Bc1 Be5 1/2-1/2

[Event "World Rapid 2025"]
[Site "Doha QAT"]
[Date "2025.12.27"]
[Round "9.48"]
[White "Adhiban, Baskaran"]
[Black "Yakubboev, Nodirbek"]
[Result "0-1"]
[WhiteTitle "GM"]
[BlackTitle "GM"]
[WhiteElo "2557"]
[BlackElo "2691"]
[WhiteFideId "5018471"]
[BlackFideId "14203987"]
[EventDate "2025.12.26"]

1. d4 Nf6 2. Nf3 d5 3. c4 e6 4. g3 c5 5. cxd5 cxd4 6. Qxd4 Nxd5 7. Bg2 Nc6 8.
Qd1 Be7 9. O-O O-O 10. Bd2 e5 11. Nc3 Be6 12. Rc1 Nb6 13. Qc2 f5 14. Rfd1 e4 15.
Be3 Qe8 16. Nd4 Nxd4 17. Bxd4 Qf7 18. e3 Rfc8 19. Qb1 Nd7 20. g4 g6 21. gxf5
gxf5 22. Kh1 Nf6 23. Ne2 Bxa2 24. Qa1 Ng4 25. Kg1 Bb3 26. Rxc8+ Rxc8 27. Rc1
Rxc1+ 28. Nxc1 a6 29. Nxb3 Qxb3 30. Qc1 Qe6 31. Qc7 b5 32. h3 Nf6 33. Bf1 Kf7
34. Be2 Kg6 35. Qg3+ Kf7 36. Qc7 Qd7 37. Qb8 Kg6 38. Qg3+ Kf7 39. Qb8 Qe6 40.
Qh8 Kg6 41. h4 Kh6 42. Qb8 Qg8+ 43. Kf1 0-1

[Event "World Rapid 2025"]
[Site "Doha QAT"]
[Date "2025.12.27"]
[Round "9.49"]
[White "Chasin, Nico"]
[Black "Chanda, Sandipan"]
[Result "1/2-1/2"]
[WhiteTitle "IM"]
[BlackTitle "GM"]
[WhiteElo "2517"]
[BlackElo "2490"]
[WhiteFideId "30908477"]
[BlackFideId "5004225"]
[EventDate "2025.12.26"]

1. d4 e6 2. c4 f5 3. Nc3 Nf6 4. Nf3 Bb4 5. Bd2 O-O 6. g3 d5 7. Bg2 c6 8. b3 Bd6
9. O-O Nbd7 10. Bf4 Bxf4 11. gxf4 Qe7 12. Qd3 Ne4 13. Ne5 Nxe5 14. fxe5 Nxc3 15.
Qxc3 b6 16. f4 Bb7 17. Rac1 Rfd8 18. c5 Kh8 19. Qg3 Rg8 20. h4 b5 21. a3 a5 22.
Kf2 a4 23. b4 Bc8 24. Bf3 1/2-1/2

[Event "World Rapid 2025"]
[Site "Doha QAT"]
[Date "2025.12.27"]
[Round "9.50"]
[White "Siddharth, Jagadeesh"]
[Black "Kadric, Denis"]
[Result "0-1"]
[WhiteTitle "GM"]
[BlackTitle "GM"]
[WhiteElo "2489"]
[BlackElo "2543"]
[WhiteFideId "5818320"]
[BlackFideId "14403803"]
[EventDate "2025.12.26"]

1. c4 Nf6 2. Nc3 d6 3. Nf3 g6 4. g3 Bg7 5. Bg2 O-O 6. O-O e5 7. d3 a5 8. b3 c6
9. Bb2 Re8 10. Rc1 Na6 11. e3 Bf5 12. h3 Nc5 13. e4 Bd7 14. Re1 Qb6 15. Ba3 Nh5
16. Kh2 Ne6 17. Rc2 c5 18. Bc1 Qd8 19. a4 Rf8 20. Nd5 Be8 21. h4 h6 22. Bh3 f5
23. Rg1 Nc7 24. Nxc7 Qxc7 25. exf5 gxf5 26. g4 fxg4 27. Bxg4 Nf4 28. Rg3 Bc6 29.
h5 Qe7 30. Re2 Kh8 31. Re1 Rf7 32. Kg1 Raf8 33. Re4 Ne6 34. Bxe6 Qxe6 35. Nh4
Bxe4 36. dxe4 Rxf2 37. Ng6+ Kh7 38. Nxf8+ Rxf8 39. Be3 Bf6 40. Qg4 Qxg4 41. Rxg4
Bg5 42. Bxg5 Rg8 43. Kh2 Rxg5 44. Rxg5 hxg5 0-1

[Event "World Rapid 2025"]
[Site "Doha QAT"]
[Date "2025.12.27"]
[Round "9.51"]
[White "Jumabayev, Rinat"]
[Black "Nikitenko, Mihail"]
[Result "1-0"]
[WhiteTitle "GM"]
[BlackTitle "GM"]
[WhiteElo "2560"]
[BlackElo "2476"]
[WhiteFideId "13702661"]
[BlackFideId "13506862"]
[EventDate "2025.12.26"]

1. Nf3 Nf6 2. g3 c5 3. Bg2 g6 4. c4 Bg7 5. Nc3 O-O 6. d4 d6 7. O-O Nc6 8. dxc5
dxc5 9. Be3 Nd7 10. Qc1 b6 11. Rd1 Bb7 12. Bh3 e6 13. Bg5 Qc8 14. Ne4 Qc7 15.
Rxd7 1-0

[Event "World Rapid 2025"]
[Site "Doha QAT"]
[Date "2025.12.27"]
[Round "9.52"]
[White "Rakotomaharo, Fy Antenaina"]
[Black "Nogerbek, Kazybek"]
[Result "0-1"]
[WhiteTitle "IM"]
[BlackTitle "GM"]
[WhiteElo "2434"]
[BlackElo "2539"]
[WhiteFideId "13100050"]
[BlackFideId "13710427"]
[EventDate "2025.12.26"]

1. e4 e5 2. Nf3 Nc6 3. Bc4 Nf6 4. d3 Bc5 5. Nc3 a6 6. h3 h6 7. a4 d6 8. Be3 O-O
9. O-O Bxe3 10. fxe3 Be6 11. Nd2 Ne7 12. Qf3 Ng6 13. a5 Qe7 14. Rf2 Rad8 15.
Raf1 c6 16. Bxe6 fxe6 17. Qg3 Kh7 18. d4 exd4 19. exd4 e5 20. dxe5 Qxe5 21. Qxe5
Nxe5 22. b3 Rfe8 23. Rd1 Re6 24. Nf1 Nf7 25. Rd4 Rde8 26. Ng3 g6 27. Rb4 R8e7
28. h4 Kg7 29. h5 Nxh5 30. Nxh5+ gxh5 31. Rf5 Ng5 32. Rd4 Rf7 33. Rxf7+ Kxf7 34.
Kf2 h4 35. Rb4 Re7 36. e5 d5 37. Rxh4 Kg6 38. Rb4 Kf5 39. Rh4 Rh7 40. Na4 Ne4+
41. Ke3 Kxe5 42. c4 Nf6 43. Nc5 Re7 44. Nd3+ Kf5+ 45. Kd4 Kg5 46. Rh1 Re4+ 47.
Kc3 Rg4 48. Nc5 Ne4+ 49. Nxe4+ dxe4 50. Rd1 e3 51. Kd3 Rxg2 52. Kxe3 Rg3+ 53.
Ke4 Rxb3 54. Rg1+ Kf6 55. Rf1+ Kg6 56. Rg1+ Kh7 57. Ke5 h5 58. Kf6 h4 59. Rg7+
Kh8 60. Rg4 Rf3+ 61. Ke6 h3 62. c5 Kh7 63. Rb4 Kg6 64. Rxb7 h2 65. Rb1 Rd3 0-1

[Event "World Rapid 2025"]
[Site "Doha QAT"]
[Date "2025.12.27"]
[Round "9.53"]
[White "Raja, Harshit"]
[Black "Grebnev, Aleksey"]
[Result "1/2-1/2"]
[WhiteTitle "GM"]
[BlackTitle "GM"]
[WhiteElo "2472"]
[BlackElo "2632"]
[WhiteFideId "5089000"]
[BlackFideId "34189030"]
[EventDate "2025.12.26"]

1. e4 c5 2. Nf3 d6 3. d4 cxd4 4. Nxd4 Nf6 5. Nc3 a6 6. Bg5 Nbd7 7. Qe2 Qa5 8.
Bd2 h5 9. O-O-O b5 10. Kb1 Qc7 11. g3 Bb7 12. Bg2 e6 13. f4 Be7 14. Rhe1 Nc5 15.
a3 Rc8 16. h3 Nfd7 17. Nd5 Qd8 18. Nxe7 Qxe7 19. b4 Na4 20. Nf5 exf5 21. exf5
Ne5 22. fxe5 Bxg2 23. exd6 Qxe2 24. Rxe2+ Kd7 25. Rxg2 Rc6 26. Kc1 Re8 27. g4
hxg4 28. hxg4 Rxd6 29. Re1 Rxe1+ 30. Bxe1 Nb6 31. Bc3 g6 32. fxg6 fxg6 33. Kb2
Rd1 34. Kb3 Nc4 35. Rf2 Rb1+ 36. Ka2 Rg1 37. Rf6 Rg3 38. Bb2 Rg2 39. Kb3 Nd2+
40. Ka2 Nc4 41. Kb3 Nd2+ 42. Ka2 Nc4 1/2-1/2

[Event "World Rapid 2025"]
[Site "Doha QAT"]
[Date "2025.12.27"]
[Round "9.54"]
[White "Piliposyan, Robert"]
[Black "Rakhmanov, Aleksandr"]
[Result "0-1"]
[WhiteTitle "IM"]
[BlackTitle "GM"]
[WhiteElo "2442"]
[BlackElo "2585"]
[WhiteFideId "13309978"]
[BlackFideId "4173708"]
[EventDate "2025.12.26"]

1. d4 Nf6 2. c4 d6 3. Nc3 e5 4. Nf3 e4 5. Ng5 Qe7 6. f3 exf3 7. Nxf3 Na6 8. g3
g6 9. Bg2 Bg7 10. O-O O-O 11. Bg5 c6 12. Qd2 Nc7 13. e4 Ne6 14. Bh6 Bd7 15. Rae1
Rae8 16. d5 Bxh6 17. Qxh6 Ng4 18. Qd2 Ng7 19. c5 Ne5 20. dxc6 Bxc6 21. cxd6
Nxf3+ 22. Bxf3 Qe5 23. Rd1 Rd8 24. Qd4 Rfe8 25. Be2 Qxd4+ 26. Rxd4 Ne6 27. Rd2
Ng5 28. Bc4 Rd7 29. Rd4 Kg7 30. h4 Nxe4 31. Nxe4 Rxe4 32. Rxe4 Bxe4 33. Rd1 f5
34. Be6 Rd8 35. Kf2 Kf6 36. Bb3 Ke5 37. d7 Bc6 38. Bg8 Kf6 39. h5 gxh5 40. Bxh7
Rxd7 41. Rxd7 Bxd7 42. Bg8 Be6 43. Bxe6 Kxe6 44. Ke3 Ke5 45. Kf3 a5 46. Ke3 a4
47. Kf3 b5 48. Ke3 f4+ 49. gxf4+ Kf5 50. Kf3 h4 51. b3 axb3 52. axb3 b4 53. Ke3
h3 54. Kf3 h2 0-1

[Event "World Rapid 2025"]
[Site "Doha QAT"]
[Date "2025.12.27"]
[Round "9.55"]
[White "Materia, Marco"]
[Black "Aronian, Levon"]
[Result "0-1"]
[WhiteTitle "IM"]
[BlackTitle "GM"]
[WhiteElo "2497"]
[BlackElo "2729"]
[WhiteFideId "45150451"]
[BlackFideId "13300474"]
[EventDate "2025.12.26"]

1. d4 d5 2. c4 e6 3. Nf3 Nc6 4. Nc3 Nge7 5. Bf4 Ng6 6. Bg3 dxc4 7. e3 Na5 8.
Bxc4 Nxc4 9. Qa4+ Bd7 10. Qxc4 Bd6 11. O-O-O O-O 12. Kb1 a5 13. h4 Bxg3 14. fxg3
Ne7 15. e4 Rb8 16. h5 b5 17. Qd3 b4 18. Ne2 h6 19. Nf4 Bc6 20. g4 Nc8 21. d5
exd5 22. Qc2 Bd7 23. Ne5 Re8 24. Rxd5 Nb6 25. Rxa5 Ba4 26. b3 Ra8 27. Rc5 Qf6
28. Nfd3 Nd7 29. g5 hxg5 30. Ng4 Qe7 31. bxa4 Nxc5 32. Nxc5 Ra5 33. Rc1 Rxc5 34.
Qxc5 Qxe4+ 35. Ka1 Qxg4 36. a5 Qxg2 37. Qxb4 Qf3 38. Qc3 Qxc3+ 39. Rxc3 g4 40.
Kb2 Kh7 41. Rxc7 f6 42. Rc4 f5 43. Rf4 g6 44. a6 Ra8 45. hxg6+ Kxg6 46. Ra4 0-1

[Event "World Rapid 2025"]
[Site "Doha QAT"]
[Date "2025.12.27"]
[Round "9.56"]
[White "Peyrer, Konstantin"]
[Black "Duda, Jan-Krzysztof"]
[Result "1-0"]
[WhiteTitle "IM"]
[BlackTitle "GM"]
[WhiteElo "2496"]
[BlackElo "2729"]
[WhiteFideId "1640879"]
[BlackFideId "1170546"]
[EventDate "2025.12.26"]

1. d4 Nf6 2. c4 c5 3. d5 g6 4. Nc3 Bg7 5. e4 d6 6. Nf3 O-O 7. h3 e6 8. Bd3 exd5
9. exd5 Re8+ 10. Be3 Rxe3+ 11. fxe3 Qe7 12. Kf2 Nbd7 13. Re1 Nh5 14. Kg1 Ne5 15.
Be2 Bh6 16. Bf1 Bd7 17. Nxe5 Qxe5 18. Qf3 f5 19. e4 f4 20. Rad1 a6 21. a4 Ng3
22. Rd2 Rf8 23. Nd1 Bg7 24. a5 h5 25. Nf2 Qg5 26. e5 Bxe5 27. Ne4 Nxe4 28. Rxe4
Bf5 29. Re1 Qh4 30. Qf2 Qf6 31. Kh1 g5 32. Bd3 Bd7 33. Rde2 g4 34. Rxe5 dxe5 35.
Qxc5 f3 36. Qf2 Qg7 37. g3 gxh3 38. c5 h2 39. Be4 h4 40. gxh4 Rf4 41. c6 bxc6
42. dxc6 Be6 43. h5 Kh8 44. h6 Qxh6 45. c7 Qg5 46. Bxf3 Bc8 47. Qe3 e4 48. Qd4+
Rf6 49. Bxe4 Qf4 50. Qd8+ Rf8 51. Qe7 Qf7 52. Qh4+ Kg8 53. Qxh2 1-0

[Event "World Rapid 2025"]
[Site "Doha QAT"]
[Date "2025.12.27"]
[Round "9.57"]
[White "Drygalov, Sergey"]
[Black "Rapport, Richard"]
[Result "0-1"]
[WhiteTitle "GM"]
[BlackTitle "GM"]
[WhiteElo "2571"]
[BlackElo "2741"]
[WhiteFideId "24171743"]
[BlackFideId "738590"]
[EventDate "2025.12.26"]

1. d4 Nf6 2. c4 e6 3. Nf3 b6 4. g3 Bb7 5. Bg2 Bb4+ 6. Bd2 a5 7. O-O O-O 8. Bf4
Be7 9. Nc3 Ne4 10. Nb5 c6 11. Nc7 Ra7 12. Qb3 d6 13. Qxb6 Nd7 14. Qxa7 Qxc7 15.
d5 cxd5 16. Nd4 Ndc5 17. Nb5 Qd7 18. Qxa5 dxc4 19. Qc7 Qxb5 20. Qxe7 Re8 21. Qh4
Qxb2 22. Be3 Nc3 23. Qxc4 Ba6 24. Qh4 Bxe2 25. Rfe1 Nd3 26. Qd4 Nxe1 27. Rxe1
Bb5 28. Qxd6 Qxa2 29. h4 Nd5 30. Bc5 Bc4 31. Qe5 Nf6 32. Ra1 Qd2 33. Bc6 Rc8 34.
Qc7 Qc1+ 35. Kg2 Bf1+ 36. Kg1 Bc4+ 37. Kg2 Qf1+ 38. Kf3 Qd3+ 39. Kg2 Qf1+ 40.
Kf3 Bd5+ 41. Ke3 Qe1+ 42. Rxe1 Rxc7 43. Bxd5 Nxd5+ 44. Kd4 h5 45. Rb1 Nf6 46.
Ba3 Ng4 47. f3 Nh2 48. Rb3 Nf1 49. Bd6 Rc6 50. Bf4 f6 51. Rb1 Nh2 52. Rb3 e5+
53. Kd5 exf4 54. Kxc6 fxg3 55. f4 Nf1 56. Rb2 g5 57. fxg5 fxg5 58. hxg5 Ne3 59.
Kd6 Nc4+ 0-1